000 00620nam a22001697a 4500
003 OSt
005 20260325112115.0
008 260325b |||||||| |||| 00| 0 eng d
040 _cMRSPTU
041 _aEnglish
100 _aShilpa Kumari, Supervisor: Dr. Rahul Deshmukh
245 _a Neuroprotective Potential of Ceftriaxone Alone And In Combination With Minocycline In Experimental Sporadic Alzheimer's Disease
260 _bDepartment of Pharmacy, MRSPTU, Bathinda
_c2020
650 _aPharmaceutical Sciences and Technology
856 _uhttp://163.47.215.52:8080/jspui/handle/123456789/94
942 _2ddc
_cTH
_n0
999 _c11249
_d11249